000 00520cam a2200181 4500500
005 20260405000925.0
041 _afre
042 _adc
100 1 0 _aForest, Philippe
_eauthor
245 0 0 _aFace à la mort
260 _c2010.
500 _a9
690 _aEnfance
690 _aMort
690 _aPhilippe Forest
786 0 _nPhilosophie magazine | 38 | 4 | 2010-04-01 | p. 19-19 | 1951-1787
856 4 1 _uhttps://shs.cairn.info/magazine-philosophie-magazine-2010-4-page-19?lang=fr&redirect-ssocas=7080
999 _c2042199
_d2042199